Loading...
| Literature - European | 0 | 7 | 0 | 1 | 70 | 59 | 82.86 | 0 | 2 | 17.33 | 34.66 |
| History - American | 0 | 5 | 0 | 0 | 50 | 29 | 46.20 | 1 | 3 | 25.84 | 34.44 |
| Philosophy | 0 | 5 | 1 | 0 | 45 | 32 | 59.40 | 1 | 3 | 23.64 | 42.51 |
| Literature - World | 0 | 5 | 1 | 0 | 45 | 32 | 84.40 | 1 | 2 | 14.03 | 26.03 |
| Literature - American | 0 | 4 | 0 | 0 | 40 | 40 | 67.75 | 0 | 3 | 16.25 | 30.28 |
| Science - Other | 0 | 3 | 0 | 1 | 30 | 54 | 99.00 | 0 | 0 | 4.22 | 4.70 |
| Fine Arts - Other | 0 | 3 | 0 | 0 | 30 | 16 | 61.00 | 1 | 2 | 13.69 | 23.03 |
| Literature - British | 0 | 3 | 0 | 0 | 30 | 58 | 67.00 | 0 | 2 | 11.13 | 18.94 |
| Mythology | 0 | 3 | 0 | 0 | 30 | 64 | 73.00 | 0 | 2 | 9.39 | 17.93 |
| Religion | 0 | 3 | 0 | 0 | 30 | 57 | 73.33 | 0 | 1 | 9.14 | 16.92 |
| Popular Culture | 0 | 1 | 0 | 0 | 10 | 16 | 16.00 | 1 | 1 | 17.19 | 20.00 |
| Science - Biology | 0 | 1 | 0 | 0 | 10 | 54 | 54.00 | 0 | 0 | 3.87 | 3.03 |
| History - World | 0 | 1 | 0 | 1 | 10 | 109 | 109.00 | 0 | 0 | 0.00 | 1.82 |
| Current Events | 0 | 1 | 0 | 0 | 10 | 39 | 39.00 | 1 | 1 | 10.65 | 16.67 |
| History - European | 0 | 1 | 0 | 0 | 10 | 65 | 65.00 | 0 | 0 | 3.06 | 3.31 |
| Fine Arts - Painting and Sculpture | 0 | 1 | 1 | 0 | 5 | 50 | 50.00 | 0 | 1 | 5.33 | 6.82 |
| History - Other | 0 | 1 | 1 | 0 | 5 | 38 | 38.00 | 1 | 1 | 5.95 | 9.09 |